| 000 | 00496nam a22001937a 4500 | ||
|---|---|---|---|
| 003 | MPLRDC | ||
| 005 | 20220104124520.0 | ||
| 008 | 210129b ||||| |||| 00| 0 eng d | ||
| 020 | _a7-80565-677-0 | ||
| 082 | _a308.9 ZYQ v.2 | ||
| 100 | _a詹以勤主编 | ||
| 245 |
_a奇妙的人体 _c |
||
| 250 | _a一版一刷 | ||
| 260 |
_a _b广西科学技术出版社 _c1993 |
||
| 300 | _b平 | ||
| 490 | _a少年趣味科学丛书 | ||
| 650 | _a儿童用科学丛书 | ||
| 942 |
_cBK _o308.9 ZYQ v.2 |
||
| 999 |
_c19958 _d19948 |
||